00381nam a2200157Ia 45000010006000000050017000060080041000230410008000640820017000721000028000892450053001172600009001703000028001796500008002076540008002152338220260414150933.0260414t2010||||xx |||||||||||||| ||spa|| aESP a629.982bK38 aKelly, James FloydeAUT 0aLego Mindstorms NXT 2.0 :bthe king’s treasure c2010 axv, 321 páginas :c\N aCNM aCCN